=LDR 00000nam 2200000 4500 =001 INLIS000000000007034 =005 20251120082942 =035 ##$$a 0010-1125000908 =007 ta =008 251120###########################0#eng## =082 ##$$a 363.960 =084 ##$$a 363.960 BIN t =100 #$$a Binsar Sihombing =245 1#$$a The Indonesian Family Planning Social Marketing /$c Badan Koordinasi Keluarga Berencana Nasional =260 ##$$a Jakarta :$b Badan Koordinasi Keluarga Berencana Nasional =300 ##$$a 8 Hal : $b Ilus ; $c 21 =650 #4$$a Keluarga Berencana =856 ##$$a Perpustakaan Kemendukbangga